Click the Movie Title Ending #3 - Statistics

General Stats
  • This quiz has been taken 276 times
    140 since last reset
  • The average score is 22 of 24
Answer Stats
Hint Answer % Correct
Home Alone
100%
Hocus Pocus
100%
Toy Story
99%
Batman Returns
97%
Inglourious Basterds
96%
Pulp Fiction
96%
Get Out
96%
Blade Runner
96%
Black Panther
95%
Raging Bull
94%
Brokeback Mountain
92%
Point Break
91%
Donnie Darko
91%
Child's Play
91%
Daddy's Home
90%
Deep Impact
90%
Barry Lyndon
89%
After Midnight
88%
Annie Hall
85%
Finding Neverland
85%
Mulholland Drive
82%
City Lights
80%
Duck Soup
79%
Double Indemnity
71%
No matching quizzes found
Score Distribution
Percent of People with Each Score
Percentile by Number Answered
Your Score History
You have not taken this quiz since the last reset